| 000 | 00850cam a22002773u 4500 | ||
|---|---|---|---|
| 999 |
_c28872 _d28843 |
||
| 001 | 007798459 | ||
| 003 | EG-ScBUE | ||
| 005 | 20200928134519.0 | ||
| 008 | 950807s2001 enk f 000 0 eng d | ||
| 040 |
_aUk _beng _erda _cUk _dEG-ScBUE |
||
| 082 | 0 | 4 |
_a658.87 _bMEN _222 |
| 100 | 1 |
_aMendelsohn, M. _q(Martin), _d1935- _eauthor. |
|
| 245 | 0 | 0 |
_aHow to franchise internationally / _cMartin Mendelsohn. |
| 250 | _aThird edition. | ||
| 264 | 1 |
_aLondon : _bFranchise World, _c2001. |
|
| 300 |
_avi, 122 pages ; _c24 cm |
||
| 336 |
_atext _2rdacontent _btxt |
||
| 337 |
_aunmediated _2rdamedia _bn |
||
| 338 |
_avolume _2rdacarrier _bnc |
||
| 500 | _aIncludes appendix. | ||
| 650 | 7 |
_aFranchises (Retail trade) _2BUEsh |
|
| 653 |
_bBUSADM _cSeptember2020 |
||
| 655 |
_vReading book _934232 |
||
| 942 |
_2ddc _cBB |
||